Roman Catholic Calendar - Days of Saints - Statistics

General Stats
  • This quiz has been taken 178 times
  • The average score is 11 of 14
Answer Stats
Hint Answer % Correct
All Saints (November) 1
100%
All Souls (November) 2
98%
Nativity (December) 25
97%
St. Patrick (March) 17
92%
St. Stephen (December) 26
86%
St. Nicholas (December) 6
79%
St. Joseph the worker (May) 1
76%
Birth of the Blessed Virgin Mary (September) 8
71%
St. Cyril and St. Methodius (February) 14
66%
St. George (April) 23
66%
St. Augustine of Hippo (August) 28
63%
St. Elizabeth of Portugal (July) 4
63%
St. Ignatius of Loyola (July) 31
58%
St. Thomas Aquinas (January) 28
57%
No matching quizzes found
Score Distribution
Percent of People with Each Score
Percentile by Number Answered
Your Score History
You have not taken this quiz